000
00368nam a2200157Ia 4500
008
151213s9999 xx 000 0 und d
100
_a
G. Greenee
245
_a
The Ministry Of Fear
_c
G. Greenee
250
_a
1st
260
_a
Australia
_b
Penguijng Book
_c
1963
300
_a
4338 p.
650
_a
English
650
_a
Story
700
_a
G. Greenee
999
_c
2752
_d
2752